[Event "ISR-ch op"]
[Site "Acre"]
[Date "2024.01.27"]
[Round "7"]
[White "Tsabari, Ronen"]
[Black "Taieb, Ariel"]
[Result "0-1"]
[WhiteElo "1698"]
[BlackElo "1986"]
[PlyCount "96"]
[EventDate "2024.01.21"]
[EventType "swiss"]
[EventRounds "9"]
[EventCountry "ISR"]
[SourceTitle "CB05_2024"]
[SourceDate "2024.01.31"]
[SourceVersion "1"]
[SourceVersionDate "2024.01.31"]
[SourceQuality "1"]

1. e4 c6 2. d4 d5 3. exd5 cxd5 4. Bd3 Nc6 5. c3 Nf6 6. Bf4 Bg4 7. Qb3 e5 8. dxe5 Nh5 9. Be3 Nxe5 10. Bb5+ Nc6 11. Nd2 Bd6 12. Ngf3 0-0 13. Qxd5 Nf4 14. Bxf4 Bxf4 15. Qxd8 Raxd8 16. 0-0-0 Rd6 17. Bxc6 bxc6 18. Rhe1 Bxf3 19. gxf3 Rfd8 20. Re2 Bxh2 21. Rde1 h5 22. Kc2 Bf4 23. Nc4 Rh6 24. Rh1 h4 25. Rh3 g5 26. Re1 Re6 27. Rxe6 fxe6 28. Ne3 Bxe3 29. fxe3 Kg7 30. f4 Kg6 31. b4 Kh5 32. fxg5 Kxg5 33. Rh1 Kg4 34. Rg1+ Kf3 35. Rh1 Kg3 36. Rg1+ Kf3 37. Rh1 Rh8 38. a4 h3 39. b5 cxb5 40. axb5 Kxe3 41. Kb3 h2 42. c4 Kf3 43. c5 Kg2 44. Rc1 h1Q 45. Rxh1 Rxh1 46. Kc4 Kf3 47. Kd4 Rc1 48. c6 Kf4 0-1

[Event "ISR-ch op"]
[Site "Acre"]
[Date "2024.01.22"]
[Round "2"]
[White "Taieb, Ariel"]
[Black "Shohat, Yotam"]
[Result "0-1"]
[WhiteElo "1986"]
[BlackElo "2328"]
[PlyCount "77"]
[EventDate "2024.01.21"]
[EventType "swiss"]
[EventRounds "9"]
[EventCountry "ISR"]
[SourceTitle "CB05_2024"]
[SourceDate "2024.01.31"]
[SourceVersion "1"]
[SourceVersionDate "2024.01.31"]
[SourceQuality "1"]

1. e4 c5 2. Nf3 e6 3. d4 cxd4 4. Nxd4 a6 5. Nc3 Qc7 6. Be3 Bb4 7. Qd3 Nf6 8. Bd2 Nc6 9. Be2 0-0 10. Nxc6 dxc6 11. 0-0 Rd8 12. Bf4 Rxd3 13. Bxc7 Rd7 14. Bb6 Bxc3 15. bxc3 Nxe4 16. c4 e5 17. Rfe1 Nf6 18. Bd3 Re7 19. f4 e4 20. Bd8 Re6 21. f5 Re8 22. Bxf6 Bxf5 23. Bd4 exd3 24. cxd3 Bxd3 25. c5 f6 26. Kf2 Kf7 27. a4 Red8 28. Be3 Rd5 29. Ra2 Re8 30. Rb2 Rf5+ 31. Kg3 Re7 32. h4 h5 33. Rb4 a5 34. Rb2 Ba6 35. Rd2 Kg6 36. Rc2 Re4 37. Ra2 Bc4 38. Ra3 Bd5 39. Ra2 0-1